| 000 | 01230nac a2200313 a 4500 | ||
|---|---|---|---|
| 003 | CO-PeBPM | ||
| 005 | 20260406175731.0 | ||
| 007 | ta | ||
| 008 | 260406s1993 ck a|||| |||| 00| 0 spa d | ||
| 020 | _a8434589028 | ||
| 040 |
_aCO-PeBPM _bspa _cCO-PeBPM _erda |
||
| 041 | _aspa | ||
| 082 |
_a550.9 A883pl _222 |
||
| 100 | 1 |
_aAttenborough, David _eautor |
|
| 245 | 1 | 0 |
_aEl planeta viviente _b: Los ecosistemas de la Tierra _c/ David Attenborough; traducción Marta Granell |
| 264 |
_aBarcelona, España _b: Salvat Editores _c, c1993 |
||
| 300 |
_a244 páginas _bilustraciones a color _c21 centimetros |
||
| 336 |
_2rdacontent _atexto _btxt |
||
| 337 |
_2rdamedia _asin mediación _bn |
||
| 338 |
_2rdacarrier _avolumen _bnc |
||
| 490 |
_aBiblioteca Científica Salvat _v22 |
||
| 500 | _aIncluye índice | ||
| 505 | _aLos hornos de la tierra -- El mundo helado -- Los bosques septentrionales -- La selva -- Mares de hierba -- Los tórridos desiertos -- La comunidad de los cielos -- Las aguas dulces -- Las orillas -- Mundos aparte -- Los Océanos -- Nuevos mundos | ||
| 650 | 1 | 7 |
_aOcéanos _2LEMB |
| 650 | 1 | 7 |
_aHistoria natural _2LEMB |
| 650 | 1 | 7 |
_aTierra _2LEMB |
| 700 | 1 |
_aGranell, Marta _etraducción |
|
| 942 |
_2ddc _n0 _cBK |
||
| 999 |
_c107297 _d107297 |
||